000 00510nam a22001932 4500
001 0000001589
005 20170406113545.0
008 140117s xx 000 0 eng d
020 _c$
040 _aYour Holding Symbol
_cYour Holding Symbol
100 1 _aMaclnnes,COLIN.
245 1 0 _aAustralia and new zealand.
250 _a ed.
260 _anew york :
_bTIME INCORPORATED,
_c1964.
300 _a160 p. :
_bill ;
_c cm.
504 _aindex.
650 0 _aAustralia.
908 _a140117
999 _c1501
_d1501